00245nam a22001097a 4500003000400000020001800004082001800022100002000040245003500060260003300095300000700128SGT a9786206163282 a617.601bM23T aTandon, Shourya aMinimal intervention Dentistry bLambert Academic Pub. c2023 a79